Enhypen Alphabet song - Statistiques

Statistiques générales
  • Ce quiz a été pris 575 fois
    196 depuis la dernière actualisation
  • Le résultat moyen est 14 sur 23
Statistiques - réponses
Hint Réponse % Correct
B Blockbuster / Blessed-cursed / Blind / Brought the heat back / Bite me / Bills / Blossom / Bad desire
97%
X XO
82%
S Sweet venom / Still monster / Shout out / Sacrifice / Scream / Shine on me
81%
F Forget me not / Flicker / Future perfect / Foreshadow / Fate / Fatal trouble / Flashover
78%
C Chaconne / Criminal love / Confessions
76%
G Go big or go home / Given-taken
75%
P Polaroid love / Paranormal / ParadoXXX invasion
71%
M Make the change / Mortal / Moonstruck / Mistletoe
70%
O Outro: day2 / Orange flower / Outro: cross the line / One in a billion / Outside
70%
L Let me in / Lucifer / Loose
68%
T Tamed-dashed / TFW / Teeth / Too close
67%
H Hundred broken hearts / Highway 1009 / Home / Helium
66%
N No doubt
54%
A Attention please! / Always
52%
K Karma
50%
R Royalty
50%
D Daydream
47%
Y Your eyes only
46%
U Upper side dreamin’
37%
J Just a little bit
36%
E Echoes
33%
W Walk the line
32%
I Intro: whiteout / Interlude: question / Intro: walk the line
20%
Aucun quiz correspondant
Distribution des résultats
% des personnes avec chaque résultat
Percentile par nombre de réponses
Votre historique - résultats
Vous n’avez pas pris ce quiz depuis la dernière actualisation